UBT Library

Undestanding General Practice (Record no. 51750)

000 -LEADER
fixed length control field 00301nam a22001337a 4500
008 - FIXED-LENGTH DATA ELEMENTS--GENERAL INFORMATION
fixed length control field 181102b xxu||||| |||| 00| 0 eng d
020 ## - INTERNATIONAL STANDARD BOOK NUMBER
International Standard Book Number 9780830412686
041 ## - LANGUAGE CODE
Language code of text/sound track or separate title eng
080 ## - UNIVERSAL DECIMAL CLASSIFICATION NUMBER
Universal Decimal Classification number 370
100 ## - Rafti
Rafti 49
101 ## - Shkurtesa
Shkurtesa EDU
245 ## - TITLE STATEMENT
Title Undestanding General Practice
Statement of responsibility, etc Karen.K.K
942 ## - ADDED ENTRY ELEMENTS (KOHA)
Source of classification or shelving scheme
Item type Books

No items available.

UBT Library © 2015-2024. All rights reserved University Education for Business and Technology